Robert De Niro Movies by Picture Quiz Stats

Quiz Updated Aug 17, 2016

Challenge
Share
Tweet
Score 0/25 Timer 05:00
1 Play Today
% Correct
Taxi Driver
94.3%
Raging Bull
90.5%
Meet the Parents
70.5%
The Godfather, Part 2
65.7%
Casino
63.6%
Cape Fear
63%
Heat
62.1%
The Untouchables
60.6%
Goodfellas
60.4%
The Deer Hunter
57.3%
Analyze This
48.2%
Awakenings
43.1%
The King of Comedy
37%
% Correct
Frankenstein
36.1%
Jackie Brown
35.8%
Backdraft
34.4%
Mean Streets
26.8%
Sleepers
26%
Midnight Run
22.5%
Brazil
20.1%
Cop Land
16.2%
Wag the Dog
11.6%
The Good Shepherd
11.5%
Stardust
9.6%
Great Expectations
6.5%

You're not logged in!

Compare scores with friends on all Sporcle quizzes.
Join for Free
OR
Log In

You Might Also Like...

Show Comments

Extras

Top Quizzes Today


Score Distribution

Your Account Isn't Verified!

In order to create a playlist on Sporcle, you need to verify the email address you used during registration. Go to your Sporcle Settings to finish the process.

Report this User

Report this user for behavior that violates our Community Guidelines.

Details: